Statistics for Closest Capital City Pairs #1

Click here to take the quiz!

General Stats

  • This quiz has been taken 26,324 times
    (25,174 since last reset)
  • The average score is 13 of 20

Answer Stats

Capital Nearest Other % Correct
Washington DCOttawa
94%
LisbonMadrid
82%
LondonBrussels
81%
Buenos AiresMontevideo
78%
CopenhagenBerlin
76%
HelsinkiTallinn
74%
TokyoSeoul
74%
ReykjavíkDublin
71%
RomeVatican City
71%
BeijingPyongyang
63%
New DelhiIslamabad
63%
MoscowMinsk
61%
CairoJerusalem
60%
La PazLima
59%
DamascusBeirut
55%
AthensSkopje
54%
BaghdadKuwait City
53%
TaipeiManila
52%
Panama CitySan Jose
47%
KingstonPort-au-Prince
42%

Score Distribution

Percentile by Number Answered

Percent of People with Each Score

Your Score History

You have not taken this quiz since the last reset